Cultural dynamics and strategies of the Indian elite(1870-1947): Indo-French relations during the raj (Record no. 5367)
[ view plain ]
| 000 -LEADER | |
|---|---|
| fixed length control field | 00609nam a2200181Ia 4500 |
| 020 ## - INTERNATIONAL STANDARD BOOK NUMBER | |
| ISBN | 81-7304-717-0 |
| 082 ## - DEWEY DECIMAL CLASSIFICATION NUMBER | |
| Classification number | 303.48254044 BER-C |
| 100 ## - MAIN ENTRY--AUTHOR NAME | |
| Personal name | Berthet, Samuel |
| 245 #0 - TITLE STATEMENT | |
| Title | Cultural dynamics and strategies of the Indian elite(1870-1947): Indo-French relations during the raj |
| 260 ## - PUBLICATION, DISTRIBUTION, ETC. (IMPRINT) | |
| Place of publication | New Delhi |
| Name of publisher | Manohar Publishers |
| Year of publication | 2006 |
| 300 ## - PHYSICAL DESCRIPTION | |
| Number of Pages | 239 |
| 504 ## - BIBLIOGRAPHY, ETC. NOTE | |
| Bibliography, etc | includes bibliography and index |
| 650 ## - SUBJECT ADDED ENTRY--TOPICAL TERM | |
| Topical Term | India |
| Form subdivision | Relations |
| Geographic subdivision | France |
| 650 ## - SUBJECT ADDED ENTRY--TOPICAL TERM | |
| Topical Term | France |
| Form subdivision | Relations |
| Geographic subdivision | India |
| 650 ## - SUBJECT ADDED ENTRY--TOPICAL TERM | |
| Topical Term | India |
| Form subdivision | History |
| -- | British occupations, 1765-1947 |
| Geographic subdivision | France |
| 650 ## - SUBJECT ADDED ENTRY--TOPICAL TERM | |
| Topical Term | India |
| Form subdivision | Intellectual life |
| Geographic subdivision | France |
| 942 ## - ADDED ENTRY ELEMENTS (KOHA) | |
| Koha item type | Books |
| Withdrawn status | Lost status | Damaged status | Not for loan | Home library | Current library | Date acquired | Source of acquisition | Bill Date | Full call number | Accession Number | Price effective from | Koha item type |
|---|---|---|---|---|---|---|---|---|---|---|---|---|
| NASSDOC Library | NASSDOC Library | 02/01/2007 | Gifted by : Chairman, ICSSR - CH | 2006-11-08 | 303.48254044 BER-C | 43094 | 18/04/2019 | Books |
